LDR 01070nam a2200241 i 4500 001 000000019924 003 CaOOAMICUS 005 20260507123205.0 008 180830s19701971it u000 u ita u 040 $aSeMil$bita 100 1 $aMarcel, Gabriel,$d<1889-1973>.$0(OLS)http://semarc/name/8895 240 13$aLe mystère de l'être.$0(OLS)http://semarc/title/26226 245 13$aIl mistero dell'essere /$cGabriel Marcel ; traduzione di Giulia Bissaca. 260 $aTorino :$bBorla,$c1970-1971. 300 $a2 v. ;$c21 cm. 490 1 $aLe idee e la vita 700 1 $aBissaca, Giulia.$0(OLS)http://semarc/name/8896 774 0 $aMarcel, Gabriel <1889-1973>$tRiflessione e mistero.$dTorino : Borla, 1970.$kIdee e la vita$g1$w()70431 774 0 $aMarcel, Gabriel <1889-1973>$tFede e realtà.$dTorino : Borla, 1971.$kIdee e la vita$g2$w()174146 830 3$aLe idee e la vita.$0(OLS)http://semarc/title/6393 996 $6245$aIl mistero dell'essere$9(OLS)http://semarc/title/26225 996 $6260$aTorino :$bBorla$9(OLS)http://semarc/publisher/29913